[Event "4NCL Division 1a"]
[Site "Birmingham, ENG ENG"]
[Date "2016.02.13"]
[Round "5.111"]
[White "Howell, David W L"]
[Black "Gordon, Stephen J"]
[Result "1-0"]
[WhiteElo "2685"]
[BlackElo "2495"]
[PlyCount "109"]
[EventDate "2016.02.13"]
[WhiteTeam "Cheddleton 1"]
[BlackTeam "3Cs 1"]

1. Nf3 c5 2. c4 Nf6 3. Nc3 e6 4. e3 a6 5. d4 d5 6. cxd5 exd5 7. Be2 Nc6 8. O-O
Be6 9. b3 cxd4 10. Nxd4 Bd6 11. Bb2 O-O 12. Rc1 Rc8 13. Na4 Nxd4 14. Qxd4 Qe7
15. Bf3 Ba3 16. Rxc8 Rxc8 17. Ba1 b5 18. Nc3 Qc5 19. Qd3 Bb4 20. Ne2 Qc2 21.
Qd4 Bc5 22. Qe5 Bf8 23. Nf4 Qf5 24. Qd4 Bc5 25. Qd2 Ne4 26. Qb2 Bf8 27. Rc1
Rxc1+ 28. Qxc1 b4 29. h3 Nf6 30. Bd4 h5 31. Be2 h4 32. Bd3 Qg5 33. Qc6 Bd7 34.
Qxa6 Nh5 35. Nxh5 Qxh5 36. Be2 Qg5 37. Kh1 Bf5 38. Bf3 Be4 39. Bxe4 dxe4 40.
Qa8 Qf5 41. Kg1 f6 42. a4 bxa3 43. b4 Kf7 44. Qxa3 Qb5 45. Qa7+ Ke6 46. Bc5
Bxc5 47. bxc5 Qd7 48. Qa8 f5 49. Qg8+ Kf6 50. Qh8 Kg5 51. Qf8 Qd1+ 52. Kh2 Qd7
53. g3 Qc7 54. Qd6 Qxd6 55. cxd6 1-0

[Event "4NCL Division 1a"]
[Site "Birmingham, ENG ENG"]
[Date "2016.02.13"]
[Round "5.112"]
[White "Ashton, Adam G"]
[Black "Hawkins, Jonathan"]
[Result "0-1"]
[WhiteElo "2383"]
[BlackElo "2579"]
[PlyCount "62"]
[EventDate "2016.02.13"]
[WhiteTeam "3Cs 1"]
[BlackTeam "Cheddleton 1"]

1. e4 c6 2. Nf3 d5 3. Nc3 Bg4 4. h3 Bxf3 5. Qxf3 e6 6. g3 Nd7 7. d3 Bb4 8. exd5
cxd5 9. Qg4 Bf8 10. Bg2 Ngf6 11. Qe2 Be7 12. O-O O-O 13. Re1 Re8 14. Nd1 b5 15.
a4 b4 16. Ne3 Rc8 17. Bd2 Ne5 18. Rec1 Qd7 19. c3 d4 20. Nc4 Nxc4 21. dxc4 bxc3
22. bxc3 d3 23. Qf3 Rxc4 24. Rd1 Rd8 25. Bf1 e5 26. a5 e4 27. Qh1 Nd5 28. Re1
f5 29. f3 e3 30. Bxd3 exd2 31. Red1 Qc7 0-1

[Event "4NCL Division 1a"]
[Site "Birmingham, ENG ENG"]
[Date "2016.02.13"]
[Round "5.113"]
[White "Hamitevici, Vladimir"]
[Black "Longson, Alexander"]
[Result "1-0"]
[WhiteElo "2472"]
[BlackElo "2297"]
[PlyCount "109"]
[EventDate "2016.02.13"]
[WhiteTeam "Cheddleton 1"]
[BlackTeam "3Cs 1"]

1. d4 d5 2. c4 dxc4 3. Nf3 Nf6 4. e3 Bg4 5. Bxc4 e6 6. Nc3 Nc6 7. Bb5 Bd6 8. e4
Nd7 9. Be3 O-O 10. h3 Bh5 11. g4 Bg6 12. a3 a6 13. Be2 b5 14. h4 f6 15. d5 Nce5
16. Nd4 exd5 17. Ne6 Qe8 18. exd5 Nc4 19. Bc1 Nc5 20. h5 Bf7 21. Nxf8 Bxf8 22.
O-O Rd8 23. Re1 Qd7 24. b3 Nb6 25. Bf3 Nxd5 26. Nxd5 Bxd5 27. Qxd5+ Qxd5 28.
Bxd5+ Rxd5 29. Rb1 Rd4 30. f3 Rd3 31. b4 Nd7 32. Kg2 Ne5 33. Re3 Rd1 34. Reb3
Nc4 35. Bf4 Rxb1 36. Rxb1 Nxa3 37. Rb3 Nc2 38. Bd2 Bd6 39. Rb2 Nd4 40. Ra2 Nc6
41. Rxa6 Ne7 42. Ra5 c6 43. f4 Kf7 44. Kf3 Ke6 45. Ra7 Kd5 46. Rd7 Ke6 47. Rb7
f5 48. g5 Kf7 49. Bc3 Ke8 50. Bxg7 Bxb4 51. g6 hxg6 52. h6 Kf7 53. Be5 Kg8 54.
Rb8+ Kh7 55. Rh8# 1-0

[Event "4NCL Division 1a"]
[Site "Birmingham, ENG ENG"]
[Date "2016.02.13"]
[Round "5.114"]
[White "Horton, Andrew P"]
[Black "Fodor, Tamas Jr"]
[Result "1/2-1/2"]
[WhiteElo "2300"]
[BlackElo "2514"]
[PlyCount "85"]
[EventDate "2016.02.13"]
[WhiteTeam "3Cs 1"]
[BlackTeam "Cheddleton 1"]

1. Nf3 d5 2. c4 d4 3. b4 f6 4. d3 e5 5. Ba3 Nh6 6. g3 a5 7. b5 Bxa3 8. Nxa3 Nd7
9. Bg2 Nc5 10. O-O O-O 11. Nd2 Qd6 12. Nc2 f5 13. Nb3 Ne6 14. a4 f4 15. c5 Nxc5
16. Nxc5 Qxc5 17. Na3 Ng4 18. h3 Nf6 19. Qb3+ Kh8 20. Rfc1 Qe7 21. Qc4 fxg3 22.
fxg3 Nh5 23. Qc5 Re8 24. Qxe7 Rxe7 25. Kh2 Rb8 26. Rc2 Be6 27. Rac1 Bb3 28. Rb2
Bg8 29. Rbc2 c6 30. bxc6 bxc6 31. Rc5 Rb2 32. R1c2 Rxc2 33. Nxc2 Nf6 34. Rxa5
g6 35. Bxc6 Bb3 36. Nb4 e4 37. dxe4 Nxe4 38. Bd5 Nd2 39. Bxb3 Rxe2+ 40. Kg1
Nxb3 41. Ra8+ Kg7 42. a5 d3 43. Nxd3 1/2-1/2

[Event "4NCL Division 1a"]
[Site "Birmingham, ENG ENG"]
[Date "2016.02.13"]
[Round "5.115"]
[White "Eggleston, David J"]
[Black "Congiu, Mathilde"]
[Result "1/2-1/2"]
[WhiteElo "2399"]
[BlackElo "2265"]
[PlyCount "153"]
[EventDate "2016.02.13"]
[WhiteTeam "Cheddleton 1"]
[BlackTeam "3Cs 1"]

1. e4 e5 2. Nf3 Nc6 3. Bc4 Nf6 4. d3 Be7 5. O-O O-O 6. Re1 d6 7. a4 Kh8 8. c3
Ng8 9. d4 f5 10. exf5 e4 11. Bxg8 exf3 12. Be6 Bxe6 13. fxe6 fxg2 14. f4 Bh4
15. Re2 d5 16. Qd3 Qf6 17. Qf3 Qf5 18. Na3 a6 19. Nc2 Rae8 20. Ne3 Qxe6 21.
Rxg2 Qh6 22. Rg4 Re4 23. Ng2 Bf6 24. Be3 Rfe8 25. Rg3 Be7 26. Kh1 Bd6 27. Rg1
Qf6 28. Rh3 Qf7 29. Bd2 Re2 30. Qd3 R8e4 31. Nh4 Kg8 32. Rhg3 Bf8 33. Ng2 Qh5
34. Rg5 Qf7 35. Ne3 Rxh2+ 36. Kxh2 Qxf4+ 37. R1g3 Qf2+ 38. Kh3 Ne7 39. R5g4 Re6
40. Rh4 Ng6 41. Ng4 Qe2 42. Rh5 Qd1 43. Qf5 Qh1+ 44. Nh2 Re2 45. Qxd5+ Qxd5 46.
Rxd5 Rxd2 47. Rd8 Nf4+ 48. Kg4 Ne6 49. Nf3 Rf2 50. Re8 Kf7 51. Rb8 Bd6 52. Ne5+
Bxe5 53. dxe5 Rxb2 54. Rf3+ Ke7 55. Rh3 Rg2+ 56. Kf3 Rc2 57. Kg4 Rg2+ 58. Rg3
Rb2 59. Rh8 Ra2 60. Rxh7 Rxa4+ 61. Kf3 Rc4 62. Ke2 a5 63. Kd3 Rc5 64. Re3 Rd5+
65. Kc2 Rd8 66. Rh1 Rf8 67. Re2 Rf3 68. Rd1 Rf5 69. Rh1 Rf3 70. Rhh2 Rf5 71.
Rhf2 Rh5 72. Re4 Rg5 73. Rfe2 Rf5 74. Rg4 Rh5 75. Kb3 Rh3 76. Reg2 Re3 77.
Rxg7+ 1/2-1/2

[Event "4NCL Division 1a"]
[Site "Birmingham, ENG ENG"]
[Date "2016.02.13"]
[Round "5.116"]
[White "Abbas, Daniel"]
[Black "Arkell, Keith C"]
[Result "0-1"]
[WhiteElo "2260"]
[BlackElo "2457"]
[PlyCount "96"]
[EventDate "2016.02.13"]
[WhiteTeam "3Cs 1"]
[BlackTeam "Cheddleton 1"]

1. e4 g6 2. d4 Bg7 3. Nc3 d6 4. Be3 a6 5. f4 b5 6. Bd3 Bb7 7. Nf3 Nd7 8. e5 Nh6
9. Qe2 e6 10. Ne4 Nf5 11. Bf2 h5 12. O-O-O Nb6 13. Neg5 Nd5 14. g3 Qd7 15. Be4
b4 16. Qd2 Qa4 17. Kb1 Qb5 18. Ka1 a5 19. h3 a4 20. Bd3 Qc6 21. g4 Nfe7 22. f5
exf5 23. gxf5 a3 24. b3 Nxf5 25. Bxf5 gxf5 26. Rhg1 dxe5 27. Nxe5 Bxe5 28. dxe5
Qc3+ 29. Qxc3 Nxc3 30. Rde1 Ne4 31. Nxe4 Bxe4 32. Bc5 Rb8 33. Bd4 Ke7 34. e6
Rhd8 35. Be5 Rd5 36. Bxc7 Rc8 37. Bf4 Kxe6 38. Rd1 Rxc2 39. Rxd5 Bxd5 40. Re1+
Be4 41. Bh6 Ke5 42. Bf8 f4 43. Bxb4 f3 44. Bxa3 f2 45. Rd1 Bd3 46. Bd6+ Kxd6
47. Rxd3+ Ke5 48. Rd1 Re2 0-1

[Event "4NCL Division 1a"]
[Site "Birmingham, ENG ENG"]
[Date "2016.02.13"]
[Round "5.117"]
[White "Williams, Simon K"]
[Black "Walton, Alan J"]
[Result "1-0"]
[WhiteElo "2435"]
[BlackElo "2216"]
[PlyCount "99"]
[EventDate "2016.02.13"]
[WhiteTeam "Cheddleton 1"]
[BlackTeam "3Cs 1"]

1. d4 d5 2. c4 c6 3. cxd5 cxd5 4. Nc3 Nf6 5. Bf4 Nc6 6. e3 e6 7. Bd3 Bd6 8.
Bxd6 Qxd6 9. f4 Bd7 10. Nf3 h6 11. O-O O-O 12. Ne5 Qe7 13. Qe1 Nxe5 14. fxe5
Nh7 15. Ne2 f5 16. exf6 Rxf6 17. Rxf6 Nxf6 18. Nf4 Be8 19. Qc3 Nh5 20. Nh3 Bc6
21. b4 a6 22. Qc5 Qxc5 23. bxc5 g5 24. Rb1 Nf6 25. Nf2 Kg7 26. Bc2 e5 27. Nd3
Ng4 28. Re1 e4 29. Nb4 Rc8 30. h3 Nf6 31. Nxc6 Rxc6 32. Rb1 Rc7 33. Rb6 g4 34.
Bd1 gxh3 35. gxh3 Nd7 36. Rd6 b6 37. Bg4 Nxc5 38. dxc5 Rxc5 39. Rxb6 Rc1+ 40.
Kf2 Rc2+ 41. Kg3 Rxa2 42. Kf4 a5 43. Be6 Rf2+ 44. Ke5 Re2 45. Rb7+ Kg6 46. Bf5+
Kg5 47. Rg7+ Kh4 48. Kxd5 h5 49. Kxe4 a4 50. Ra7 1-0

[Event "4NCL Division 1a"]
[Site "Birmingham, ENG ENG"]
[Date "2016.02.13"]
[Round "5.118"]
[White "Horton, Jamie A"]
[Black "Steil-Antoni, Fiona"]
[Result "1/2-1/2"]
[WhiteElo "2110"]
[BlackElo "2171"]
[PlyCount "59"]
[EventDate "2016.02.13"]
[WhiteTeam "3Cs 1"]
[BlackTeam "Cheddleton 1"]

1. d4 d6 2. e4 Nf6 3. Nc3 Nbd7 4. Nf3 e5 5. Be2 Be7 6. O-O O-O 7. h3 c6 8. Be3
Qc7 9. a4 exd4 10. Nxd4 Nc5 11. Bf3 Re8 12. Re1 Bf8 13. Bg5 Nfd7 14. g3 Ne5 15.
Bg2 Ne6 16. Nxe6 Bxe6 17. b3 Qa5 18. Bd2 Qc5 19. a5 Nd7 20. Na4 Qd4 21. Bc3
Qxd1 22. Raxd1 f5 23. Bb4 Nc5 24. Nxc5 dxc5 25. Bc3 fxe4 26. Bxe4 a6 27. Kg2 g6
28. f4 Kf7 29. g4 Rad8 30. Bf3 1/2-1/2

[Event "4NCL Division 1a"]
[Site "Birmingham, ENG ENG"]
[Date "2016.02.13"]
[Round "5.121"]
[White "Speelman, Jon S"]
[Black "Fernandez, Daniel Howard"]
[Result "1/2-1/2"]
[WhiteElo "2521"]
[BlackElo "2474"]
[PlyCount "90"]
[EventDate "2016.02.13"]
[WhiteTeam "Wood Green HK"]
[BlackTeam "Guildford 2"]

1. d4 d5 2. Nf3 c6 3. Bf4 Nf6 4. e3 Bg4 5. c4 Bxf3 6. gxf3 e6 7. Qb3 Qd7 8. Nc3
b6 9. O-O-O Bd6 10. Bg3 Qc7 11. cxd5 Bxg3 12. hxg3 cxd5 13. Kb1 O-O 14. e4 dxe4
15. fxe4 Nc6 16. e5 Ng4 17. Qc2 f5 18. exf6 Nxf6 19. Ne4 Rac8 20. Rc1 Qe7 21.
Nxf6+ gxf6 22. Qa4 Qb4 23. Qxb4 Nxb4 24. Bc4 Nd5 25. Bxd5 exd5 26. Rh5 Rxc1+
27. Kxc1 Rd8 28. Kd2 Kg7 29. g4 Kg6 30. f3 b5 31. b4 Rd7 32. Ke3 Rd6 33. Kf4
Rd7 34. Kg3 Rd6 35. Kh4 h6 36. f4 Kg7 37. g5 fxg5+ 38. fxg5 Rg6 39. Kg4 hxg5
40. a3 a6 41. Rh3 Rh6 42. Rc3 Rh4+ 43. Kxg5 Rxd4 44. Rc7+ Kf8 45. Kf6 Rf4+
1/2-1/2

[Event "4NCL Division 1a"]
[Site "Birmingham, ENG ENG"]
[Date "2016.02.13"]
[Round "5.122"]
[White "Zhou, Yang-Fan"]
[Black "Aagaard, Jacob"]
[Result "1-0"]
[WhiteElo "2454"]
[BlackElo "2500"]
[PlyCount "81"]
[EventDate "2016.02.13"]
[WhiteTeam "Guildford 2"]
[BlackTeam "Wood Green HK"]

1. e4 d6 2. d4 Nf6 3. Nc3 e5 4. Nf3 Nbd7 5. Bc4 Be7 6. O-O O-O 7. Re1 c6 8. a4
b6 9. Ba2 a6 10. h3 Rb8 11. Be3 Qc7 12. Qe2 b5 13. axb5 cxb5 14. Red1 Nb6 15.
dxe5 dxe5 16. Bg5 Bb7 17. Bxf6 Bxf6 18. Nd5 Bxd5 19. Bxd5 Na4 20. c4 Rfc8 21.
Rdc1 Qd7 22. b3 Nc5 23. cxb5 axb5 24. Ra5 h6 25. b4 Ne6 26. Rxc8+ Qxc8 27. Bxe6
fxe6 28. Rxb5 Qc1+ 29. Kh2 Rxb5 30. Qxb5 Qf4+ 31. Kg1 Qxe4 32. Nd2 Qe1+ 33. Nf1
e4 34. Qc4 Kf7 35. b5 Qb1 36. Qc7+ Kg6 37. b6 Qb2 38. b7 Be5 39. Qc6 Qb4 40.
Qxe6+ Bf6 41. Qe8+ 1-0

[Event "4NCL Division 1a"]
[Site "Birmingham, ENG ENG"]
[Date "2016.02.13"]
[Round "5.123"]
[White "Shaw, John"]
[Black "Sarakauskas, Gediminas"]
[Result "1-0"]
[WhiteElo "2444"]
[BlackElo "2416"]
[PlyCount "35"]
[EventDate "2016.02.13"]
[WhiteTeam "Wood Green HK"]
[BlackTeam "Guildford 2"]

1. e4 e5 2. Nf3 Nc6 3. Nc3 Nf6 4. Be2 d5 5. exd5 Nxd5 6. O-O Nxc3 7. bxc3 e4 8.
Ne1 Bc5 9. d4 exd3 10. cxd3 O-O 11. d4 Bd6 12. Bd3 Ne7 13. Qh5 h6 14. f4 c5 15.
f5 Nd5 16. Bxh6 gxh6 17. f6 Qe8 18. Nc2 1-0

[Event "4NCL Division 1a"]
[Site "Birmingham, ENG ENG"]
[Date "2016.02.13"]
[Round "5.124"]
[White "Trent, Lawrence"]
[Black "Greet, Andrew N"]
[Result "1/2-1/2"]
[WhiteElo "2455"]
[BlackElo "2439"]
[PlyCount "119"]
[EventDate "2016.02.13"]
[WhiteTeam "Guildford 2"]
[BlackTeam "Wood Green HK"]

1. e4 e6 2. d4 d5 3. Nd2 c5 4. Ngf3 cxd4 5. Nxd4 Nc6 6. Bb5 Bd7 7. Nxc6 bxc6 8.
Bd3 Bd6 9. Qe2 Ne7 10. e5 Bc7 11. O-O O-O 12. Nf3 Ng6 13. Ng5 Qe8 14. b3 f5 15.
Nf3 c5 16. a4 Ba5 17. Bd2 Bxd2 18. Qxd2 Qe7 19. Rfe1 Rab8 20. Bb5 Rfd8 21. Bxd7
Rxd7 22. Qg5 Qe8 23. Rad1 Rb4 24. g3 h6 25. Qe3 Rc7 26. Qe2 Rc6 27. Nd2 Nh8 28.
c3 Rb8 29. Rb1 a5 30. Qd3 Nf7 31. Rbd1 Ng5 32. f3 Qh5 33. Rf1 Rcb6 34. Kh1 Qf7
35. Qe3 Qe7 36. Rde1 Rf8 37. Qe2 Rfb8 38. Qg2 Qe8 39. Ra1 Qc6 40. Qe2 Kh8 41.
Qg2 R6b7 42. Rae1 Qa6 43. Qe2 Qxe2 44. Rxe2 Nf7 45. f4 g5 46. g4 fxg4 47. f5
Re8 48. c4 d4 49. Ne4 exf5 50. Nxc5 Rc7 51. Rxf5 Rxc5 52. Rxf7 Rcxe5 53. Rxe5
Rxe5 54. Rd7 Re3 55. c5 Rc3 56. Rxd4 Rxc5 57. b4 axb4 58. Rxb4 Rc2 59. Rxg4 Ra2
60. h4 1/2-1/2

[Event "4NCL Division 1a"]
[Site "Birmingham, ENG ENG"]
[Date "2016.02.13"]
[Round "5.125"]
[White "McDonald, Neil"]
[Black "Kilpatrick, Callum"]
[Result "1/2-1/2"]
[WhiteElo "2407"]
[BlackElo "2349"]
[PlyCount "112"]
[EventDate "2016.02.13"]
[WhiteTeam "Wood Green HK"]
[BlackTeam "Guildford 2"]

1. e4 e5 2. Nf3 Nc6 3. Bb5 Nf6 4. d3 d6 5. O-O g6 6. c3 Bg7 7. Nbd2 O-O 8. Re1
Bd7 9. Ba4 Nh5 10. Nf1 h6 11. d4 Kh7 12. Ne3 Nf4 13. Nd5 Ne6 14. dxe5 dxe5 15.
b4 Nb8 16. Bb3 a5 17. Be3 axb4 18. cxb4 Nc6 19. Rc1 Ncd4 20. Nxd4 exd4 21. Bd2
c6 22. Nf4 Nxf4 23. Bxf4 Qe7 24. e5 Qxb4 25. Rc4 Qe7 26. Rxd4 Be6 27. Rd6 Bxb3
28. axb3 Ra5 29. Qd2 Rb5 30. e6 fxe6 31. Rd7 Qf6 32. Bxh6 Rf7 33. Rxf7 Qxf7 34.
Bxg7 Kxg7 35. h4 Rd5 36. Qe3 e5 37. g3 Rb5 38. Rd1 Rd5 39. Ra1 Rb5 40. Ra3 Rd5
41. Kh2 Qf5 42. Ra8 Qd3 43. Ra7 Qxe3 44. Rxb7+ Kh6 45. fxe3 Rd2+ 46. Kh3 Re2
47. Kg4 Rxe3 48. Rb6 Rc3 49. Rb7 Rd3 50. b4 Rb3 51. Rb6 Rc3 52. b5 cxb5 53.
Rxb5 Re3 54. Rb7 Ra3 55. Re7 Re3 56. Kh3 g5 1/2-1/2

[Event "4NCL Division 1a"]
[Site "Birmingham, ENG ENG"]
[Date "2016.02.13"]
[Round "5.126"]
[White "Martin, Andrew D"]
[Black "Getz, Nicolai"]
[Result "0-1"]
[WhiteElo "2372"]
[BlackElo "2410"]
[PlyCount "110"]
[EventDate "2016.02.13"]
[WhiteTeam "Guildford 2"]
[BlackTeam "Wood Green HK"]

1. Nf3 Nf6 2. g3 d5 3. Bg2 c6 4. O-O Bf5 5. d3 h6 6. c4 dxc4 7. dxc4 Nbd7 8. b3
e5 9. Bb2 Qc7 10. Nc3 Be7 11. Qd2 O-O 12. Rad1 Rfe8 13. Qc1 Bf8 14. Ne1 a5 15.
Nc2 Nc5 16. Ne3 Bh7 17. Bh3 Ne6 18. Bf5 Nd4 19. Bxh7+ Kxh7 20. Nc2 Rad8 21. e3
Ne6 22. Rxd8 Rxd8 23. Rd1 Nc5 24. Rxd8 Qxd8 25. Qd1 Qc8 26. Ba3 Qf5 27. Qe2 Kg8
28. Bxc5 Bxc5 29. Qd2 Kh7 30. Qe2 Bb4 31. Nxb4 axb4 32. Nd1 Ne4 33. Kg2 Ng5 34.
g4 Qb1 35. f3 e4 36. fxe4 Nxe4 37. Nf2 Nc3 38. Qf3 Kg8 39. e4 Qxa2 40. Qf5 Qa8
41. h4 Qd8 42. g5 hxg5 43. hxg5 Ne2 44. e5 Nd4 45. Qg4 Nxb3 46. e6 Nd4 47.
exf7+ Kxf7 48. g6+ Kg8 49. Qh5 Ne6 50. Qh7+ Kf8 51. Ne4 Qd4 52. Qh8+ Ke7 53.
Qh4+ Kd7 54. Qg4 Qe5 55. c5 b3 0-1

[Event "4NCL Division 1a"]
[Site "Birmingham, ENG ENG"]
[Date "2016.02.13"]
[Round "5.127"]
[White "Lauridsen, Jesper Morch"]
[Black "Wadsworth, Matthew J"]
[Result "1/2-1/2"]
[WhiteElo "2323"]
[BlackElo "2312"]
[PlyCount "77"]
[EventDate "2016.02.13"]
[WhiteTeam "Wood Green HK"]
[BlackTeam "Guildford 2"]

1. e4 c5 2. Nf3 e6 3. d4 cxd4 4. Nxd4 Nc6 5. Nc3 Qc7 6. g3 a6 7. Bg2 Nf6 8. O-O
Nxd4 9. Qxd4 Bc5 10. Qd3 Ng4 11. Qe2 h5 12. Bf4 Ne5 13. Kh1 h4 14. gxh4 Be7 15.
Bxe5 Qxe5 16. f4 Qh5 17. Qxh5 Rxh5 18. Rad1 b5 19. e5 Ra7 20. Ne4 Bb7 21. Nd6+
Bxd6 22. Rxd6 Bxg2+ 23. Kxg2 Rxh4 24. Kg3 Rh5 25. h3 Ke7 26. Kg4 Rf5 27. Rfd1
f6 28. exf6+ Rxf6 29. c3 Rf5 30. Rb6 a5 31. Re1 Rc7 32. Re4 Rcc5 33. Rd4 Rcd5
34. Rxd5 Rxd5 35. b3 Rc5 36. h4 Kf6 37. Rb7 Rxc3 38. Rxb5 a4 39. bxa4 1/2-1/2

[Event "4NCL Division 1a"]
[Site "Birmingham, ENG ENG"]
[Date "2016.02.13"]
[Round "5.128"]
[White "Kalaiyalahan, Akshaya"]
[Black "Hegarty, Sarah N"]
[Result "1/2-1/2"]
[WhiteElo "2236"]
[BlackElo "2106"]
[PlyCount "117"]
[EventDate "2016.02.13"]
[WhiteTeam "Guildford 2"]
[BlackTeam "Wood Green HK"]

1. d4 d5 2. Nf3 Nf6 3. c4 dxc4 4. e3 Bg4 5. Bxc4 e6 6. Nc3 Nc6 7. h3 Bh5 8. Bb5
Bd6 9. e4 Nd7 10. Be3 O-O 11. Qe2 Nb6 12. Rd1 f5 13. g4 fxe4 14. Ng5 Bf7 15.
Ncxe4 Bb4+ 16. Kf1 Qd5 17. Bd3 Bg6 18. h4 h6 19. h5 Bxe4 20. Nxe4 Be7 21. b3
Nb4 22. Bb1 Qa5 23. Nc5 N6d5 24. Bd2 Bxc5 25. Qxe6+ Kh8 26. Qg6 Qa6+ 27. Qxa6
Nxa6 28. dxc5 Rad8 29. Kg2 Nxc5 30. g5 Rd6 31. gxh6 gxh6 32. Bc1 Nf4+ 33. Bxf4
Rxf4 34. Rxd6 cxd6 35. Rd1 Rf6 36. b4 Ne6 37. Kg3 Nf4 38. Kg4 Ne2 39. Bf5 Kg7
40. Rd3 b6 41. b5 d5 42. Rxd5 Nc3 43. Rd7+ Rf7 44. Rxf7+ Kxf7 45. Bd3 Kf6 46.
Bc4 Nd1 47. Kf3 Ke5 48. Ke2 Nc3+ 49. Ke3 Nd1+ 50. Ke2 Nc3+ 51. Kf3 Ne4 52. Ke3
Nf6 53. f4+ Kd6 54. Be2 Nd5+ 55. Kf3 Nf6 56. Ke3 Nd5+ 57. Kf3 Nf6 58. Ke3 Nd5+
59. Kf3 1/2-1/2

[Event "4NCL Division 1a"]
[Site "Birmingham, ENG ENG"]
[Date "2016.02.13"]
[Round "5.131"]
[White "Turner, Matthew J"]
[Black "Arnott, Jonathan W"]
[Result "1-0"]
[WhiteElo "2502"]
[BlackElo "2166"]
[PlyCount "45"]
[EventDate "2016.02.13"]
[WhiteTeam "Barbican 4NCL 1"]
[BlackTeam "White Rose 2"]

1. Nf3 Nf6 2. g3 d5 3. Bg2 c6 4. O-O g6 5. d3 Bg7 6. Nbd2 O-O 7. e4 Bg4 8. h3
dxe4 9. dxe4 Be6 10. Qe2 Qa5 11. Nd4 Bc8 12. N2b3 Qc7 13. e5 Ne8 14. e6 f5 15.
Bf4 Qb6 16. Rad1 c5 17. Nf3 Rf6 18. Ne5 Bxe6 19. Bg5 Bxb3 20. axb3 Nd6 21. Rfe1
Ne4 22. Bxe4 fxe4 23. Bxf6 1-0

[Event "4NCL Division 1a"]
[Site "Birmingham, ENG ENG"]
[Date "2016.02.13"]
[Round "5.132"]
[White "Sucikova, Svetlana"]
[Black "Griffiths, Ryan Rhys"]
[Result "0-1"]
[WhiteElo "2207"]
[BlackElo "2359"]
[PlyCount "100"]
[EventDate "2016.02.13"]
[WhiteTeam "White Rose 2"]
[BlackTeam "Barbican 4NCL 1"]

1. c4 c5 2. Nc3 Nc6 3. g3 g6 4. Bg2 Bg7 5. Nf3 e6 6. O-O Nge7 7. e3 Nf5 8. Rb1
O-O 9. a3 a5 10. Nb5 d5 11. cxd5 exd5 12. d4 b6 13. Re1 Re8 14. dxc5 bxc5 15.
Nc3 Nfe7 16. Bd2 Bf5 17. Rc1 c4 18. Na4 Rb8 19. Bc3 Be4 20. Qd2 Nf5 21. Red1
Bh6 22. Kh1 Bd3 23. Nc5 d4 24. Nxd3 dxe3 25. fxe3 cxd3 26. Qxd3 Nxe3 27. Qxd8
Nxd8 28. Re1 Ne6 29. Bh3 Nd5 30. Rc2 Nxc3 31. bxc3 Nc5 32. Rd1 Re3 33. Kg2 Rb3
34. Rd5 Bf8 35. Nd4 Rbxc3 36. Rb2 Red3 37. Bg4 Rc4 38. Rxc5 Rxc5 39. Ne2 Rxa3
40. Nf4 Bd6 41. Ne2 Re5 42. Rd2 Bb4 43. Rd8+ Kg7 44. Nf4 Ra2+ 45. Kh3 Rd2 46.
Ra8 Rc5 47. Ra7 h5 48. Be6 Rcc2 49. Rxf7+ Kh6 50. g4 Rc3+ 0-1

[Event "4NCL Division 1a"]
[Site "Birmingham, ENG ENG"]
[Date "2016.02.13"]
[Round "5.133"]
[White "Jackson, James P"]
[Black "Shaw, Peter"]
[Result "1-0"]
[WhiteElo "2355"]
[BlackElo "2121"]
[PlyCount "73"]
[EventDate "2016.02.13"]
[WhiteTeam "Barbican 4NCL 1"]
[BlackTeam "White Rose 2"]

1. e4 d6 2. d4 Nf6 3. Nc3 c6 4. f4 Qa5 5. e5 Ne4 6. Qf3 Nxc3 7. bxc3 Bf5 8. Bd2
Bxc2 9. Ne2 e6 10. c4 Qb6 11. exd6 Qb2 12. Bc3 Qa3 13. c5 b6 14. Bd2 Qxf3 15.
gxf3 b5 16. Ba5 g6 17. Kd2 Bf5 18. Nc3 a6 19. a4 Bg7 20. Ke3 Kd7 21. Ne4 Kc8
22. Bd3 Nd7 23. Rhb1 Nf6 24. Nxf6 Bxf6 25. Be4 Kd7 26. Ra2 Rhb8 27. Bc7 Rc8 28.
axb5 axb5 29. Rba1 Rxa2 30. Rxa2 Bxe4 31. Ra7 Ke8 32. fxe4 Bd8 33. Bxd8 Rxd8
34. Re7+ Kf8 35. Rc7 Rb8 36. Rxc6 b4 37. Rb6 1-0

[Event "4NCL Division 1a"]
[Site "Birmingham, ENG ENG"]
[Date "2016.02.13"]
[Round "5.134"]
[White "Burnett, Jim"]
[Black "Cox, John J"]
[Result "0-1"]
[WhiteElo "2177"]
[BlackElo "2348"]
[PlyCount "92"]
[EventDate "2016.02.13"]
[WhiteTeam "White Rose 2"]
[BlackTeam "Barbican 4NCL 1"]

1. d4 Nf6 2. c4 d6 3. g3 e5 4. Nf3 e4 5. Ng5 c6 6. Bg2 d5 7. Nc3 Bb4 8. Qb3 Qa5
9. a3 Bxc3+ 10. bxc3 O-O 11. O-O Nbd7 12. cxd5 cxd5 13. c4 h6 14. Nh3 dxc4 15.
Qxc4 Nb6 16. Qc2 Bf5 17. Bd2 Qd5 18. e3 Rac8 19. Qb1 g5 20. Kh1 Rc7 21. Rc1
Rxc1+ 22. Qxc1 Rc8 23. Qb1 Bd7 24. Bf1 Ba4 25. Ng1 Rc2 26. Be1 Ng4 27. Be2 Qf5
28. Bxg4 Qxg4 29. Ra2 Rxa2 30. Qxa2 Qd1 31. Qd2 Nc4 32. Qxd1 Bxd1 33. Bb4 a5
34. Be7 f5 35. Kg2 Kf7 36. Bd8 Ke8 37. Bf6 Kf7 38. Bd8 Ke8 39. Bf6 Nxa3 40. Kf1
Kf7 41. Bd8 a4 42. Ke1 Bf3 43. Kd2 Nc4+ 44. Kc3 b5 45. Nxf3 exf3 46. d5 Nxe3
0-1

[Event "4NCL Division 1a"]
[Site "Birmingham, ENG ENG"]
[Date "2016.02.13"]
[Round "5.135"]
[White "Dorrington, Chris J"]
[Black "Gayson, Peter M"]
[Result "1-0"]
[WhiteElo "2337"]
[BlackElo "2143"]
[PlyCount "97"]
[EventDate "2016.02.13"]
[WhiteTeam "Barbican 4NCL 1"]
[BlackTeam "White Rose 2"]

1. d4 f5 2. g3 g6 3. Bg2 Bg7 4. h4 Nf6 5. Nh3 O-O 6. Nc3 d6 7. e4 fxe4 8. Nxe4
Nxe4 9. Bxe4 d5 10. Bg2 Nc6 11. c3 e5 12. dxe5 Bxh3 13. Rxh3 Nxe5 14. Bg5 Qe8
15. Qxd5+ Kh8 16. Kf1 Ng4 17. Bf3 c6 18. Qd1 Ne5 19. Be2 h6 20. Bf4 Rd8 21. Qc2
Qe6 22. Rh2 Ng4 23. Rh1 Qd5 24. Kg1 Ne5 25. Kh2 Nf3+ 26. Bxf3 Qxf3 27. Rhd1
Rde8 28. Re1 g5 29. hxg5 hxg5 30. Rxe8 Rxe8 31. Qg6 Re2 32. Qxg5 Qxf2+ 33. Kh3
Qh2+ 34. Kg4 Re8 35. Qh5+ Qxh5+ 36. Kxh5 Re2 37. Kg6 Re6+ 38. Kf7 Rf6+ 39. Ke7
Kg8 40. Rd1 Rf7+ 41. Kd8 Rf5 42. Kc7 Rb5 43. Rd2 a5 44. c4 Rc5 45. b3 b5 46.
Kb6 Bf8 47. Rd8 Rf5 48. Bd6 bxc4 49. bxc4 1-0

[Event "4NCL Division 1a"]
[Site "Birmingham, ENG ENG"]
[Date "2016.02.13"]
[Round "5.136"]
[White "O'driscoll, Kieran"]
[Black "Buchicchio, Giampaolo"]
[Result "1-0"]
[WhiteElo "2079"]
[BlackElo "2313"]
[PlyCount "127"]
[EventDate "2016.02.13"]
[WhiteTeam "White Rose 2"]
[BlackTeam "Barbican 4NCL 1"]

1. d4 d5 2. c4 c6 3. Nf3 Nf6 4. Nc3 a6 5. c5 Nbd7 6. Bf4 Nh5 7. Bd2 Nhf6 8. Bf4
Nh5 9. Bd2 g6 10. e4 dxe4 11. Nxe4 Ndf6 12. Nxf6+ exf6 13. Bc4 Qe7+ 14. Qe2 Bg4
15. Be3 Be6 16. O-O Bxc4 17. Qxc4 Qe6 18. d5 Qxd5 19. Qc2 O-O-O 20. Rfd1 Qe6
21. Rxd8+ Kxd8 22. Rd1+ Kc8 23. Nd4 Qe8 24. b4 f5 25. Nxf5 gxf5 26. Qxf5+ Qe6
27. Qxh5 Be7 28. a3 Kb8 29. Bf4+ Ka7 30. Qe5 Qxe5 31. Bxe5 Rd8 32. Rxd8 Bxd8
33. a4 a5 34. b5 cxb5 35. axb5 Be7 36. Bd4 Kb8 37. Kf1 a4 38. Ke2 a3 39. Kd3 a2
40. Kc4 Kc7 41. g4 Bh4 42. f4 Kd8 43. Be5 Bf2 44. Kb3 Bxc5 45. Kxa2 Ke7 46. Kb3
Ke6 47. Kc4 Bg1 48. h3 f5 49. gxf5+ Kxf5 50. Kd5 h5 51. Kd6 Be3 52. Kc7 b6 53.
Kc6 h4 54. Bc7 Bxf4 55. Kxb6 Be3+ 56. Kc6 Ke4 57. Bb6 Bf4 58. Bd8 Bg3 59. b6
Kf3 60. b7 Bb8 61. Bxh4 Kg2 62. Bd8 Kxh3 63. Bc7 Ba7 64. Kb5 1-0

[Event "4NCL Division 1a"]
[Site "Birmingham, ENG ENG"]
[Date "2016.02.13"]
[Round "5.137"]
[White "Franklin, Samuel G A"]
[Black "Li, Harry"]
[Result "1/2-1/2"]
[WhiteElo "2303"]
[BlackElo "2147"]
[PlyCount "81"]
[EventDate "2016.02.13"]
[WhiteTeam "Barbican 4NCL 1"]
[BlackTeam "White Rose 2"]

1. e4 e5 2. Nf3 Nc6 3. Bb5 a6 4. Ba4 Nf6 5. O-O Be7 6. Re1 b5 7. Bb3 d6 8. c3
O-O 9. h3 Na5 10. Bc2 c5 11. d4 Qc7 12. Nbd2 Bd7 13. Nf1 Nc4 14. Ng3 Rfc8 15.
d5 h6 16. a4 bxa4 17. Bxa4 Nb6 18. Bxd7 Nbxd7 19. Qe2 a5 20. Nd2 a4 21. Nc4 Nb6
22. Nf5 Bf8 23. Nxb6 Qxb6 24. Qf3 Qd8 25. Ra3 Nd7 26. c4 Qf6 27. Nxh6+ gxh6 28.
Qg4+ Qg6 29. Qxd7 Rd8 30. Qc6 Rdc8 31. Qb5 Rcb8 32. Qc6 Rc8 33. Qb5 Rcb8 34.
Qd7 Rd8 35. Qf5 Qxf5 36. exf5 Rdb8 37. Rg3+ Kh7 38. Re4 Be7 39. Ra3 Bg5 40.
Bxg5 hxg5 41. Ra2 1/2-1/2